00396nam a2200109Ia 4500008004100000082000800041100002300049245009600072942000600168952009700174999001500271240331s9999 xx 000 0 und d bTRA aUnited Nations. ed 0aTraining manual on the technical processing of iInformation concerning women in development cL 001040708LaWERCLbWERCLcSSCd2024-03-31l0o 305.4 TRAp1835r2024-03-31w2024-03-31yL c1644d1644